000 00659cam a2200217 4500500
005 20260329003608.0
041 _afre
042 _adc
100 1 0 _ade Oliveira, Victorine
_eauthor
245 0 0 _aVivre avec les robots. Essai sur l’empathie artificielle
260 _c2016.
500 _a74
690 _aDenis Vidal
690 _aEmpathie
690 _aLuisa Damiano
690 _aPascal Chabot
690 _aPaul Dumouchel
690 _aRobot
786 0 _nPhilosophie magazine | 97 | 3 | 2016-03-01 | p. 71-73 | 1951-1787
856 4 1 _uhttps://shs.cairn.info/magazine-philosophie-magazine-2016-3-page-71?lang=fr&redirect-ssocas=7080
999 _c1825899
_d1825899